| 000 | 00350nam a2200145Ia 4500 | ||
|---|---|---|---|
| 005 | 20251222175927.0 | ||
| 008 | 251222s9999||||xx |||||||||||||| ||spa|| | ||
| 020 | _a847450050 | ||
| 082 | _a811.308/W54 | ||
| 100 | _aWhitman, Walt | ||
| 245 | 0 | _aHojas de Hierba | |
| 250 | _a5ta.ed. | ||
| 264 | _bOrganización Editorial Novaro, S.A. | ||
| 942 | _cLIB | ||
| 999 |
_c40884 _d40884 |
||